Privatizing China <the> stock markets and their role in corporate reform

Saved in:
Bibliographic Details
Main Author: Walter, Carl E.
Other Authors: Howie, Fraser J. T.
Format: Book
Language:English
Published: Singapore John Wiley & Sons 2003
Subjects:
Tags: Add Tag
No Tags, Be the first to tag this record!

MARC

LEADER 00000nam$a2200000$$$4500
001 0005743
005 20240314085909.9
020 |a 0-470-82120-5 
041 0 |a eng 
044 |a SG 
245 1 0 |a Privatizing China  |b <the> stock markets and their role in corporate reform  |c Carl E. Walter, Fraser J. T. Howie 
264 1 |a Singapore  |b John Wiley & Sons  |c 2003 
300 |a 296 s. 
610 2 0 |a papiere cenné 
610 2 0 |a trh burzový 
610 2 0 |a burzy 
610 2 0 |a reformy 
610 2 0 |a spoločnosti 
610 2 0 |a privatizácia 
610 2 0 |a regulácia 
610 2 0 |a reštrukturalizácia 
610 2 0 |a investori 
610 2 0 |a segmentácia trhu 
610 2 0 |a ceny burzové 
610 2 0 |a Čína 
100 1 |a Walter, Carl E. 
700 1 |a Howie, Fraser J. T.